Skiing Countries Quiz Stats

 Plays Quiz Updated Jul 13, 2016

Challenge
Share
Tweet
Embed
Score 0/25 Timer 05:00
2 Plays Today
# of Ski Resorts Country % Correct
428United States
99.3%
172Canada
98%
196France
96.3%
17Russia
96.1%
148Switzerland
96%
116Germany
94.5%
105Sweden
93.1%
217Italy
92.8%
134Norway
91.9%
20China
89.6%
44Finland
89.3%
275Austria
89.2%
305Japan
86.4%
# of Ski Resorts Country % Correct
37Spain
82.8%
46Poland
79.3%
67Czechia
70.7%
17Chile
68.3%
48Slovakia
64.9%
20Hungary
64.6%
25Romania
60%
35Slovenia
59.5%
26New Zealand
53.3%
17Bulgaria
52.7%
21Greece
52.7%
27Latvia
48.9%

You're not logged in!

Compare scores with friends on all Sporcle quizzes.
Join for Free
OR
Log In

You Might Also Like...

Show Comments

Extras

Top Quizzes Today


Score Distribution

Your Account Isn't Verified!

In order to create a playlist on Sporcle, you need to verify the email address you used during registration. Go to your Sporcle Settings to finish the process.

Report this User

Report this user for behavior that violates our Community Guidelines.

Details: